La Folle Vie de Boris Skossyreff - Statistiques

Statistiques générales
  • Ce quiz a été pris 5 fois
  • Le résultat moyen est 20 sur 25
Statistiques - réponses
Année Indice Lieu % Correct
1934 Principauté dont il se fait nommer Roi et sur laquelle il règne une semaine durant Andorre
100%
1939 Autre département où il est transféré dans un autre camp, au cœur des Pyrénées Ariège
100%
1934 Ville catalane où il est transféré après son arrestation par la Guardia civil Barcelone
100%
1945 Capitale où il est arrêté pour avoir offert ses services à l'Allemagne Berlin
100%
? Prestigieux lycée parisien qu'il prétend avoir fréquenté Louis Le Grand
100%
1934 Capitale où il est emprisonné, se comportant comme un monarque en exil Madrid
100%
1935 Port français qui l'accueille finalement et où il retrouve son épouse Marseille
100%
1925 La Reine de ce pays lui aurait octroyé le titre de comte d'Orange Pays-Bas
100%
1934 Ville française catalanophone où il se rapproche du prétendant au trône de France Perpignan
100%
1934 Pays ibère où il est expulsé Portugal
100%
1896 Ville alors russe (aujourd'hui lituanienne) l'ayant vu naître Vilnius
100%
1935 Autre ville provençale où il est incarcéré trois mois Aix-en-Provence
80%
1989 Pays dans lequel il serait décédé, dans l'indifférence générale Allemagne de l'Ouest
80%
1918 Région russe, archipel asiatique et pays américain dans lesquels il aurait travaillé comme diplomate et espion pour le compte de Sa Majesté Etats-Unis
80%
1935 Port italien où il tente de débarquer, sans succès Gênes
80%
1934 Ile espagnole de laquelle il se fait expulser Majorque
80%
1917 Pays où il est envoyé pour combattre les Allemands jusqu'à la fin de la guerre Russie
80%
1918 Région russe, archipel asiatique et pays américain dans lesquels il aurait travaillé comme diplomate et espion pour le compte de Sa Majesté Sibérie
80%
1932 Pays où il s'enregistre comme négociant import-export et apprend l'espagnol Colombie
60%
1918 Région russe, archipel asiatique et pays américain dans lesquels il aurait travaillé comme diplomate et espion pour le compte de Sa Majesté Japon
60%
1936 Capitale qu'il regagne sans pouvoir s'installer, faute d'autorisation de résidence Lisbonne
60%
1917 Ce pays lui accorde l'asile politique suite à la révolution d'octobre Royaume-Uni
60%
1946 Ville allemande sous autorité française où il est emprisonné pour collaboration Coblence
40%
1919 Quartier londonien où il est jugé pour émission de chèques sans provision Westminster
40%
1939 Département du camp de Rieucros où il est détenu jusqu'au début de la guerre Lozère
20%
Aucun quiz correspondant
Distribution des résultats
% des personnes avec chaque résultat
Percentile par nombre de réponses
Votre historique - résultats
Vous n’avez pas pris ce quiz